Born to Run Lyrics - Statistics

General Stats
  • This quiz has been taken 143 times
  • The average score is 222 of 339
Answer Stats
Lyrics % Correct
Run
100%
To
100%
Born
99%
I
97%
The
96%
We
96%
Where
96%
A
95%
Baby
95%
We're
95%
Were
95%
In
90%
You
88%
It
87%
Like
87%
On
87%
Us
87%
An
86%
Tramps
86%
Of
84%
Suicide
84%
When
84%
Out
82%
Dream
81%
Go
79%
Highway
79%
Streets
78%
Your
78%
It's
77%
American
75%
Night
75%
And
74%
Get
74%
Runaway
74%
'Cause
73%
Gotta
73%
Machines
73%
Me
73%
Trap
73%
From
71%
My
71%
Oh
71%
Day
70%
At
69%
Be
69%
While
69%
Young
69%
Death
68%
This
68%
Want
68%
With
68%
Engines
66%
Glory
66%
Ride
65%
Back
62%
Cages
62%
Over
62%
Wrap
62%
Dreams
61%
Is
61%
Just
61%
Mansions
61%
Wendy
61%
Line
60%
Love
60%
So
60%
Sprung
57%
Strap
57%
Real
56%
'Round
56%
Tonight
56%
Visions
56%
9
55%
Hands
55%
Know
55%
Sweat
55%
Die
53%
Bones
52%
Can
52%
Legs
52%
Let
52%
Steppin'
52%
Across
51%
Drive
51%
Rap
51%
Together
51%
We'll
51%
Friend
49%
Girl
49%
These
49%
Wanna
49%
Fuel
48%
Through
48%
Town
48%
Guard
47%
Injected
47%
I'm
45%
Broken
44%
Chrome
44%
If
44%
Last
44%
Power
44%
Rips
44%
Look
42%
Their
42%
Chance
40%
No
40%
Place
40%
Yes
40%
Boys
39%
Kiss
39%
Velvet
39%
Everlasting
38%
Girls
38%
Wild
38%
Hair
36%
Rims
36%
That
36%
Till
36%
Try
36%
Amusement
35%
Heroes
35%
Break
34%
Drop
34%
Highways
34%
Never
34%
Park
34%
Comb
32%
Come
32%
Mirrors
32%
Rearview
32%
Scared
32%
Could
31%
Feels
31%
How
31%
Jammed
31%
Lonely
31%
Wheeled
31%
All
30%
Are
30%
But
30%
Hide
27%
Left
27%
Live
27%
Walk
27%
Hard
26%
There's
26%
Will
26%
Sadness
25%
Don't
23%
Everybody's
23%
Gonna
23%
I'll
23%
Down
22%
Rider
22%
Show
21%
Sun
21%
Wire
21%
Drones
19%
Hemi
19%
Then
19%
Babe
18%
Beach
18%
Honey
18%
Kids
18%
Powered
18%
Soul
18%
Really
17%
Someday
17%
Huddled
16%
Stark
16%
Boulevard
14%
Beyond
12%
Bold
12%
Madness
12%
Rises
12%
Scream
10%
Mist
9%
Palace
8%
No matching quizzes found
Score Distribution
Percent of People with Each Score
Percentile by Number Answered
Your Score History
You have not taken this quiz